[Event "AUTO-OPEN-4642"]
[Site "http://www.queenalice.com/game.php?id=1870192"]
[Date "2026.3.7"]
[Round "1"]
[White "maurice916"]
[Black "askasl159"]
[Result "1-0"]
[WhiteElo "1859"]
[BlackElo "1743"]

1. Nf3 d5 2. b3 g6 3. Bb2 f6 4. d4 Bg7 5. Nbd2 Nc6 6. e3 e5 7. dxe5 fxe5 8. h3
Bf5 9. Bb5 Qd6 10. Bxc6+ Qxc6 11. Rc1 O-O-O 12. Bxe5 Bxe5 13. Nxe5 Qd6 14. Ndf3
Nh6 15. O-O Rhf8 16. Qd4 Kb8 17. Rfd1 Be4 18. Nd2 c5 19. Qb2 d4 20. Ndc4 Qc7 21.
f4 dxe3 22. Nxe3 Rxf4 23. Rxd8+ Qxd8 24. Rd1 Qe7 25. Rd7 Qf8 26. g3 Rf6 27. g4
Nf7 28. Rxf7 Rxf7 29. Nxf7 Qxf7 30. Qe5+ Qc7 31. Qxe4 a6 32. Nd5 Qd7 33. c4 Ka7
34. Qe7 Qxe7 35. Nxe7 Kb6 36. a3 Kc7 37. Kf2 Kd6 38. Nd5 b5 39. Ke3 bxc4 40.
bxc4 h6 41. Ke4 a5 42. a4 Ke6 43. h4 Kd6 44. Nf4 g5 45. hxg5 hxg5 46. Nd3 Kc6
47. Kf5 1-0

[Event "AUTO-OPEN-4642"]
[Site "http://www.queenalice.com/game.php?id=1870194"]
[Date "2026.3.7"]
[Round "1"]
[White "donadama"]
[Black "askasl159"]
[Result "1-0"]
[WhiteElo "2032"]
[BlackElo "1727"]

1. d4 d5 2. Nf3 g6 3. c3 Bg7 4. Bf4 Nf6 5. e3 O-O 6. Bd3 b6 7. O-O Bb7 8. Re1 c5
9. Nbd2 cxd4 10. exd4 Nc6 11. Rc1 Re8 12. Bb5 a6 13. Bxc6 Bxc6 14. Ne5 Bb7 15.
Qb3 Nh5 16. Be3 Nf6 17. c4 Ne4 18. Nxe4 dxe4 19. c5 b5 20. c6 Bc8 21. c7 Qd6 22.
Qxf7+ 1-0

[Event "AUTO-OPEN-4642"]
[Site "http://www.queenalice.com/game.php?id=1870195"]
[Date "2026.3.7"]
[Round "1"]
[White "askasl159"]
[Black "SGF"]
[Result "1-0"]
[WhiteElo "1676"]
[BlackElo "1750"]

1. e4 e5 2. f4 exf4 3. Nf3 f6 4. d4 d5 5. e5 Qe7 6. Bxf4 Bg4 7. Bd3 Nc6 8. h3
Bxf3 9. gxf3 Nxd4 10. Bg6+ hxg6 11. Qxd4 c6 12. Nc3 fxe5 13. Bxe5 Nf6 14. O-O-O
g5 15. Rde1 Qf7 16. Bxf6+ Kd7 17. Qg4+ Kc7 18. Be5+ Kd8 19. Qxg5+ Be7 20. Bc7+
Kd7 21. Qe5 Rh5 22. Qg3 Rg5 23. Qf4 Rf5 24. Qe3 Kxc7 25. Qxe7+ Qxe7 26. Rxe7+
Kd6 27. Rxb7 g5 28. Rf1 a5 29. Rh7 Kc5 30. h4 g4 31. b3 gxf3 32. Nd1 a4 33. Kb1
Rb8 34. Ne3 Rf4 35. h5 axb3 36. cxb3 Kd4 37. Re7 f2 38. Nd1 Rbf8 39. Kc2 Kc5 40.
Ne3 d4 41. Re5+ Kb4 42. a3+ Kxa3 43. Ra1+ Kb4 44. Ra4# 1-0

[Event "AUTO-OPEN-4642"]
[Site "http://www.queenalice.com/game.php?id=1870196"]
[Date "2026.3.7"]
[Round "1"]
[White "SGF"]
[Black "askasl159"]
[Result "0-1"]
[WhiteElo "1705"]
[BlackElo "1705"]

1. e4 e5 2. Qf3 Nf6 3. d3 h6 4. Be2 d6 5. Qg3 Nc6 6. c3 b6 7. a4 Bb7 8. h4 d5 9.
b4 Bd6 10. b5 Na5 11. Nd2 dxe4 12. dxe4 Nxe4 13. Qxg7 Ke7 14. Nxe4 Bxe4 15. Qg4
Bg6 16. h5 Bh7 17. Bxh6 Rg8 18. Qh4+ Ke8 19. Qxd8+ Rxd8 20. g4 Rd7 21. Nh3 f6
22. Bc4 Nxc4 23. Kf1 Rxg4 24. Rg1 Bd3+ 25. Ke1 Re4+ 26. Kd1 Be2+ 27. Kc1 Ba3+
28. Rxa3 Nxa3 29. Rg8+ Kf7 30. Rg7+ Ke6 31. Rxd7 Kxd7 32. Kb2 Nc4+ 33. Kb3 Na5+
34. Kc2 Rg4 35. Kd2 Bc4 36. f3 Rg2+ 37. Ke3 Be6 38. Nf2 f5 39. f4 Nc4+ 40. Kf3
Bd5+ 41. Ke2 Rh2 42. fxe5 Rxh5 43. Bf4 Rh4 44. Be3 Nxe3 45. Kxe3 Ke6 46. Nd3
Rxa4 47. Kd2 a5 48. bxa6 Rxa6 49. Ke3 c5 50. Kf4 Be4 51. Nf2 b5 52. Nh3 Ra3 53.
Ng5+ Kd5 54. e6 Kd6 55. Nxe4+ fxe4 56. Kxe4 Rxc3 57. Kf5 b4 58. Kf6 Rf3+ 59. Kg5
b3 60. e7 Kxe7 61. Kg4 Rf7 62. Kg5 b2 63. Kg6 b1=Q+ 64. Kh6 Qg1 65. Kh5 Rg7 66.
Kh6 Qg6# 0-1

[Event "AUTO-ADV-4923"]
[Site "http://www.queenalice.com/game.php?id=1870290"]
[Date "2026.3.9"]
[Round "1"]
[White "maurice916"]
[Black "askasl159"]
[Result "1-0"]
[WhiteElo "1819"]
[BlackElo "1695"]

1. Nf3 g6 2. d4 Bg7 3. b3 d5 4. Bb2 Nf6 5. e3 O-O 6. Nbd2 Ne4 7. Bd3 b6 8. Nxe4
dxe4 9. Bxe4 c6 10. O-O Bb7 11. c4 Qd7 12. Rb1 Rd8 13. Qc2 c5 14. d5 Bxb2 15.
Qxb2 b5 16. Rfd1 e6 17. Ne5 Qd6 18. Nf3 bxc4 19. bxc4 Bc6 20. Qc2 exd5 21. Bxd5
Bxd5 22. Rxd5 Qc7 23. Rbd1 Na6 24. e4 Nb4 25. Rxd8+ Rxd8 26. Rxd8+ Qxd8 27. Qe2
a5 28. h3 Qd2 29. Nxd2 1-0

[Event "AUTO-ADV-4923"]
[Site "http://www.queenalice.com/game.php?id=1870291"]
[Date "2026.3.9"]
[Round "1"]
[White "askasl159"]
[Black "maurice916"]
[Result "0-1"]
[WhiteElo "1708"]
[BlackElo "1831"]

1. e4 c6 2. d4 d5 3. e5 c5 4. Nf3 Bg4 5. Be2 e6 6. Bb5+ Nd7 7. O-O cxd4 8. c3 a6
9. Bxd7+ Qxd7 10. cxd4 Ne7 11. h3 Bh5 12. Qd3 Bg6 13. Qe2 Be4 14. Nc3 Bxf3 15.
Qxf3 Nf5 16. Qd3 Bb4 17. Bd2 O-O 18. a3 Ba5 19. b4 Bb6 20. Be3 Rac8 21. Ra2 Rc4
22. Rc2 Bxd4 23. Bxd4 Rxd4 24. Qe2 Rc4 25. Qd3 Rfc8 26. g4 Nd4 27. Rcc1 b5 28.
Na2 Qa7 29. Rc3 Nc6 30. Re1 Ne7 31. Rec1 Ng6 32. Rxc4 Rxc4 33. Rxc4 bxc4 34. Qe2
Qd4 35. Qe3 Qxe5 36. Qxe5 Nxe5 37. Nc3 Nc6 38. Kg2 Kf8 39. b5 axb5 40. Nxb5 Ke7
41. f4 d4 42. Kf3 f5 43. a4 g6 44. a5 Nxa5 45. Nxd4 Kd6 46. Ke3 Kd5 47. Nb5 e5
48. fxe5 Kxe5 49. gxf5 gxf5 50. h4 h5 51. Nc3 f4+ 52. Kf3 Nc6 53. Ne2 Na5 54.
Nxf4 c3 55. Ne2 c2 56. Ke3 Nb3 0-1

[Event "AUTO-ADV-4923"]
[Site "http://www.queenalice.com/game.php?id=1870305"]
[Date "2026.3.9"]
[Round "1"]
[White "pariolinius"]
[Black "askasl159"]
[Result "0-1"]
[WhiteElo "1940"]
[BlackElo "1701"]

1. d4 d5 2. Nf3 Nc6 3. Bf4 g6 4. e3 Bg7 5. c3 b6 6. Bd3 Nf6 7. Nbd2 O-O 8. O-O
Bg4 9. h3 Bxf3 10. Nxf3 Nh5 11. Bh2 Re8 12. Qc2 e5 13. dxe5 Nxe5 14. Nxe5 Bxe5
15. f4 Bg7 16. g4 Nf6 17. f5 Ne4 18. Bxe4 Rxe4 19. Rad1 Rxe3 20. Qg2 d4 21. Bf4
Re7 22. Qg3 Re4 23. Bxc7 Qe8 24. Bd6 Re3 25. Qh2 Qc6 26. cxd4 Rae8 27. Rc1 Qd5
28. Bf4 Re2 29. Qg3 Bxd4+ 0-1

[Event "AUTO-ADV-4923"]
[Site "http://www.queenalice.com/game.php?id=1870306"]
[Date "2026.3.9"]
[Round "1"]
[White "askasl159"]
[Black "Daniel1962"]
[Result "0-1"]
[WhiteElo "1730"]
[BlackElo "1763"]

1. e4 e5 2. f4 d6 3. Nf3 exf4 4. Bc4 Be6 5. Bxe6 fxe6 6. d4 Nf6 7. O-O Nxe4 8.
Bxf4 Be7 9. Nfd2 Nxd2 10. Nxd2 Nc6 11. Nc4 d5 12. Ne5 Nxe5 13. Bxe5 Rg8 14. Qh5+
Kd7 15. Qxh7 Bd6 16. Bxg7 Kc6 17. Be5 Bxe5 18. dxe5 Qg5 19. Rf2 Qxe5 20. c4 dxc4
21. Rd1 Rgd8 22. Rxd8 Rxd8 23. Qc2 b5 24. Qe2 Qxe2 25. Rxe2 Re8 26. g4 Kd6 27.
Kg2 a5 28. h4 b4 29. Kg3 c3 30. bxc3 c5 31. cxb4 axb4 32. Kf4 e5+ 33. Ke4 Rg8
34. g5 c4 35. Rd2+ Ke6 36. Rd5 c3 37. Rxe5+ Kd6 38. Rd5+ Kc6 39. Kd4 Ra8 40.
Rc5+ Kd6 41. Rb5 c2 42. Rc5 Rxa2 43. h5 b3 44. h6 Ra4+ 45. Rc4 Rxc4+ 46. Kxc4 b2
47. h7 c1=Q+ 48. Kd4 Qc8 49. g6 Qh8+ 0-1

[Event "AUTO-ADV-4923"]
[Site "http://www.queenalice.com/game.php?id=1870307"]
[Date "2026.3.9"]
[Round "1"]
[White "Daniel1962"]
[Black "askasl159"]
[Result "0-1"]
[WhiteElo "1775"]
[BlackElo "1712"]

1. d4 d5 2. Bf4 g6 3. Nf3 Bg7 4. c3 Nf6 5. Ne5 c5 6. dxc5 O-O 7. e3 Nc6 8. Nxc6
bxc6 9. Nd2 Bf5 10. Nf3 Ne4 11. Qe2 Nxc5 12. Ne5 Bxe5 13. Bxe5 f6 14. Bd4 Ne4
15. f3 Nd6 16. Qa6 Qc7 17. g4 Bc8 18. Qa3 e5 19. Bc5 Rd8 20. h4 Bb7 21. g5 f5
22. f4 exf4 23. exf4 Ne4 24. Bd4 Qxf4 25. Rd1 Re8 26. Be2 Ng3 27. Rh2 Rxe2+ 28.
Rxe2 Ba6 29. Be5 Qf1+ 30. Kd2 Qxe2+ 31. Kc1 Bd3 32. Rxd3 Qxd3 33. Bxg3 Qxg3 34.
Qc5 Qe1+ 35. Kc2 Qe2+ 36. Kb3 Rb8+ 37. Ka4 Qc2+ 38. Ka5 Rb5+ 0-1

[Event "AUTO-OPEN-4608"]
[Site "http://www.queenalice.com/game.php?id=1870634"]
[Date "2026.3.17"]
[Round "2"]
[White "cerenzo72"]
[Black "askasl159"]
[Result "1-0"]
[WhiteElo "2173"]
[BlackElo "1732"]

1. b3 e5 2. Bb2 e4 3. d3 exd3 4. cxd3 d5 5. Nc3 d4 6. Nb5 c5 7. g3 g6 8. Qc1 Bd7
9. Na3 Bg7 10. Bg2 Qc7 11. Nf3 Ne7 12. Nxd4 O-O 13. O-O Na6 14. Nf3 Nd5 15. Bxg7
Kxg7 16. Qb2+ f6 17. Nd2 Be6 18. Ne4 Qd7 19. Nc4 Nab4 20. Nxc5 Qe7 21. a3 Nc6
22. e4 Nc7 23. d4 Bxc4 24. bxc4 b6 25. Nd3 Na5 26. Qc3 Ne6 27. e5 Rac8 28. Bd5
fxe5 29. Nxe5 Nc7 30. Bg2 Nb5 31. Qb2 Nd6 32. d5 Ndxc4 33. Nxc4+ Qf6 34. Qxf6+
Rxf6 35. Nxa5 bxa5 36. Rfd1 Rd6 37. Rab1 Rb6 38. d6 Rd8 39. Rxb6 axb6 40. d7 Kf6
41. Bh3 h5 42. Rc1 g5 43. Rc8 Ke7 44. f4 g4 45. Rxd8 Kxd8 46. Bg2 Kxd7 47. Kf2
Ke6 48. Ke3 b5 49. Kd4 b4 50. axb4 axb4 51. Kc4 Kf5 52. Kxb4 h4 53. Kc4 hxg3 54.
hxg3 1-0

[Event "AUTO-OPEN-4608"]
[Site "http://www.queenalice.com/game.php?id=1870635"]
[Date "2026.3.17"]
[Round "2"]
[White "askasl159"]
[Black "cerenzo72"]
[Result "0-1"]
[WhiteElo "1729"]
[BlackElo "2153"]

1. e4 e5 2. f4 d5 3. exd5 e4 4. Nc3 Nf6 5. Bc4 Bc5 6. Nge2 Ng4 7. Nxe4 Bb6 8. h3
Qe7 9. N2g3 Qh4 10. d4 O-O 11. O-O f5 12. hxg4 fxe4 13. Nxe4 Bxg4 14. Qd3 Bf5
15. d6+ Kh8 16. dxc7 Bxc7 17. Qg3 Qe7 18. Nc5 b6 19. Re1 Qd6 20. Ne6 Bxe6 21.
Bxe6 Qxd4+ 22. Be3 Qd6 23. Bb3 Nc6 24. Rad1 Qf6 25. Bd5 Rad8 26. Bxc6 Qxc6 27.
Bd4 Rd7 28. Be5 Bxe5 29. fxe5 Re7 30. Rd2 Rfe8 31. e6 Rxe6 32. Rxe6 Qxe6 33. b3
h6 34. c4 a5 35. Qd6 Qe4 36. Rd1 Qe3+ 37. Kh2 Qf2 38. Qg3 Qxa2 39. Rd7 Qb2 40.
Rb7 Qf6 41. Rb8 Rxb8 42. Qxb8+ Kh7 43. Qa7 Qf4+ 44. g3 Qe3 45. Qf7 Qd3 46. Qb7
Qc2+ 47. Qg2 Qxg2+ 48. Kxg2 g5 49. g4 Kg6 50. Kf3 h5 51. gxh5+ Kxh5 52. Kg3 g4
53. Kg2 Kh4 54. Kh2 g3+ 55. Kg2 Kg4 56. Kh1 Kh3 0-1

[Event "AUTO-OPEN-4644"]
[Site "http://www.queenalice.com/game.php?id=1870941"]
[Date "2026.3.24"]
[Round "1"]
[White "Capixabba789"]
[Black "askasl159"]
[Result "1-0"]
[WhiteElo "1893"]
[BlackElo "1721"]

1. d4 d5 2. Nc3 Nf6 3. e4 dxe4 4. f3 exf3 5. Nxf3 g6 6. Bd3 Bg7 7. O-O O-O 8.
Ne2 Nd5 9. c3 b6 10. Ng3 Bb7 11. Bc2 Nc6 12. Bg5 h6 13. Bd2 e5 14. dxe5 g5 15.
Nh5 Nxe5 16. Nxg7 Nxf3+ 17. Qxf3 Kxg7 18. c4 Ne7 19. Bc3+ Kg8 20. Qxb7 Ng6 21.
Qf3 f6 22. Bxg6 Kg7 23. Bf5 c5 24. Rad1 Qb8 25. Rd7+ 1-0

[Event "AUTO-OPEN-4644"]
[Site "http://www.queenalice.com/game.php?id=1870942"]
[Date "2026.3.24"]
[Round "1"]
[White "askasl159"]
[Black "Capixabba789"]
[Result "1-0"]
[WhiteElo "1679"]
[BlackElo "1919"]

1. e4 e5 2. f4 exf4 3. Nf3 Be7 4. Bc4 Bh4+ 5. g3 fxg3 6. O-O gxh2+ 7. Kh1 Bg3 8.
d4 h5 9. Ng5 Qe7 10. Qf3 Nh6 11. Qxg3 O-O 12. Nc3 d5 13. Bxd5 c6 14. Bb3 Be6 15.
Nxe6 fxe6 16. Bxh6 Rxf1+ 17. Rxf1 Nd7 18. Bg5 Qe8 19. d5 cxd5 20. exd5 exd5 21.
Bxd5+ Kh8 22. Bf7 Qc8 23. Qh4 Qc6+ 24. Kxh2 1-0